[Event "Polonia Wroclaw Masters Cup-GM"]
[Site "Wroclaw"]
[Date "2019.04.30"]
[Round "3.2"]
[White "Kozak, Antoni"]
[Black "Tazbir, Marcin"]
[Result "1/2-1/2"]
[WhiteElo "2404"]
[BlackElo "2540"]
[Annotator "RC"]
[PlyCount "75"]
[EventDate "2019.04.28"]
[EventType "tourn"]
[EventCountry "POL"]
[SourceTitle "playchess.com"]
[Source "ChessBase"]
[SourceQuality "1"]
[TimeControl "40/5400+30:900+30"]

1. d4 {[%emt 0:00:00]} Nf6 {[%emt 0:00:00]} 2. c4 {[%emt 0:00:00]} e6 {[%emt 0:00:00]} 3. Nc3 {[%emt 0:00:00]} Bb4 {[%emt 0:00:00]} 4. Qc2 {[%emt 0:00:00]} O-O {[%emt 0:00:17]} 5. Bg5 {[%emt 0:00:00]} h6 {[%emt 0:00:58]} 6. Bh4 {[%emt 0:00:05]} d6 {[%emt 0:05:34]} 7. e3 {[%emt 0:05:28]} b6 {[%emt 0:05:19]} 8. Bd3 {[%emt 0:00:54]} Bb7 {[%emt 0:01:58]} 9. Nge2 {[%emt 0:00:28]} g5 {[%emt 0:15:47]} 10. Bg3 {[%emt 0:00:08]} Bxg2 {[%emt 0:00:13]} 11. Rg1 {[%emt 0:00:30]} Bf3 {[%emt 0:00:06]} 12. h4 {[%emt 0:05:58]} g4 {[%emt 0:01:15]} 13. O-O-O {[%emt 0:01:18]} Bxc3 {[%emt 0:02:33]} 14. Nxc3 {[%emt 0:04:01]} Bxd1 {[%emt 0:12:13]} 15. Qxd1 {[%emt 0:00:10]} h5 {[%emt 0:02:06]} 16. Bf4 {[%emt 0:02:44]} Nbd7 {[%emt 0:05:06]} 17. f3 {[%emt 0:18:29]} Kh8 {[%emt 0:13:16]} 18. fxg4 {[%emt 0:02:12]} Qe8 {[%emt 0:08:44]} 19. Nb5 {[%emt 0:11:07]} Rc8 {[%emt 0:03:16]} 20. Nxa7 {[%emt 0:00:16]} Ra8 {[%emt 0:00:34]} 21. Nb5 {[%emt 0:00:04]} Rc8 {[%emt 0:00:36]} 22. Bxd6 {[%emt 0:16:48]} cxd6 {[%emt 0:01:53]} 23. Nxd6 {[%emt 0:00:04]} Qe7 {[%emt 0:00:55]} 24. Nxc8 {[%emt 0:00:06]} Rxc8 {[%emt 0:00:26]} 25. gxh5 {[%emt 0:00:04]} e5 {[%emt 0:07:06]} 26. Qf3 {[%emt 0:08:42]} b5 {[%emt 0:05:36]} 27. c5 {[%emt 0:00:39]} exd4 {[%emt 0:00:28]} 28. exd4 {[%emt 0:00:04]} Nxc5 {[%emt 0:01:52]} 29. dxc5 {[%emt 0:00:22]} Qxc5+ {[%emt 0:00:04]} 30. Kd2 {[%emt 0:00:09]} Qb4+ {[%emt 0:01:10]} 31. Kd1 {[%emt 0:00:11]} Qa4+ {[%emt 0:04:04]} 32. Kd2 {[%emt 0:02:33]} Qd4 {[%emt 0:00:57]} 33. Rc1 {[%emt 0:00:29]} Qxb2+ {[%emt 0:00:12]} 34. Rc2 {[%emt 0:00:05]} Qb4+ {[%emt 0:00:39]} 35. Kd1 {[%emt 0:01:04]} Qb1+ {[%emt 0:00:10]} 36. Kd2 {[%emt 0:00:05]} Qb4+ {[%emt 0:01:13]} 37. Kd1 {[%emt 0:00:06]} Qb1+ {[%emt 0:00:08]} 38. Kd2 {[%emt 0:00:08]} 1/2-1/2

[Event "Polonia Wroclaw Masters Cup-GM"]
[Site "Wroclaw"]
[Date "2019.04.30"]
[Round "3.3"]
[White "Pranav Anand"]
[Black "Sivuk, Vitaliy"]
[Result "0-1"]
[WhiteElo "2359"]
[BlackElo "2523"]
[Annotator "TA"]
[PlyCount "110"]
[EventDate "2019.04.28"]
[EventType "tourn"]
[EventCountry "POL"]
[SourceTitle "playchess.com"]
[Source "ChessBase"]
[SourceQuality "1"]

{[%evp 9,110,0,17,14,11,7,19,-4,-15,-17,0,-15,-4,-37,-17,-30,-33,-35,-33,-33,-27,-28,-33,-35,-24,-39,-39,-35,-42,-35,0,0,0,0,0,-12,-12,-12,-9,-3,-10,-18,-18,-18,0,-25,-5,-12,5,0,0,-31,-31,-31,-26,-26,-26,-31,-31,-31,-31,-31,-26,-31,-31,-31,-31,-194,-185,-185,-185,-307,-269,-245,-233,-510,-508,-457,-428,-337,-362,-2216,-2071,-1775,-1684,-5102,-5097,-6697,-5093,-29983,-29984,-29984,-29985,-29986,-29986,-29987,-29988,-29988,-29989,-29990,-29988,-29988,-29989]} 1. d4 d5 2. c4 e6 3. Nf3 Nf6 4. g3 Bb4+ 5. Bd2 Bd6 6. Nc3 {E01: Catalan: Early deviations} O-O 7. Bg5 c6 8. Bxf6 $146 {The position is equal.} ({Predecessor:} 8. Bg2 h6 9. Bxf6 Qxf6 10. O-O Qd8 11. c5 Bc7 12. e4 b6 {1-0 (40) Ding,L (2797)-Topalov,V (2747) Wenzhou 2018}) 8... Qxf6 9. Bg2 Bc7 10. O-O dxc4 11. Ne4 Qe7 12. Ned2 b5 13. a4 Bb7 14. Qc2 {next axb5 is good for White.} a6 15. b3 cxb3 16. Nxb3 Nd7 17. Nfd2 Bb6 18. Rfc1 Rac8 19. Ne4 c5 20. Nexc5 Bxg2 21. Kxg2 e5 22. Qe4 Bxc5 23. dxc5 Nxc5 24. Nxc5 Rxc5 25. Rxc5 Qxc5 26. axb5 axb5 $11 {[%mdl 4096] Endgame KQR-KQR} 27. Rd1 b4 28. Rd5 Qb6 29. Qxe5 Rb8 30. Rd2 b3 31. Rb2 $1 Qb7+ (31... h6 {is more complex.} 32. Qc3 Qb5 33. f3 h5 34. Kf1 Qa4) 32. f3 Qb4 $36 {[%mdl 2048] Black has the initiative.} 33. Qe3 h6 34. Qd3 g6 35. Qe3 h5 36. Qd3 Rb7 37. Qe3 Qc4 38. Qd3 $2 ({White should try} 38. h4 $15) 38... Qxd3 $19 39. exd3 {KR-KR} Kg7 40. Kf2 (40. f4 {was forced.}) 40... Kf6 41. Ke3 Ke5 42. d4+ $2 (42. f4+ {keeps fighting.} Kd5 43. Kd2) 42... Kd5 43. Kd3 {[#]} g5 $1 44. Kc3 f5 45. g4 $2 (45. f4 gxf4 46. gxf4) 45... hxg4 46. fxg4 f4 47. h4 gxh4 48. g5 Rb6 49. Rxb3 Rxb3+ {Black mates.} 50. Kxb3 {[#] KPP-KPP} Ke6 $1 51. Kc4 f3 52. d5+ Kf5 53. Kd3 h3 54. d6 f2 55. Ke2 h2 {Accuracy: White = 44%, Black = 80%.} 0-1

[Event "Polonia Wroclaw Masters Cup-GM"]
[Site "Wroclaw"]
[Date "2019.04.30"]
[Round "3.4"]
[White "Kantans, Toms"]
[Black "Skawinski, Arkadiusz"]
[Result "1-0"]
[WhiteElo "2513"]
[BlackElo "2392"]
[Annotator "TA"]
[PlyCount "115"]
[EventDate "2019.04.28"]
[EventType "tourn"]
[EventCountry "POL"]
[SourceTitle "playchess.com"]
[Source "ChessBase"]
[SourceQuality "1"]

{[%evp 20,115,0,-64,56,-79,-62,-82,-84,-78,-69,-96,-48,-46,-43,-53,-49,-66,-49,-58,-37,-96,-44,-43,-31,-42,-20,-16,0,-2,0,0,9,11,13,-14,15,0,8,8,14,0,0,-6,0,0,0,0,0,0,16,15,8,10,17,15,72,40,40,23,24,10,36,8,8,8,9,9,9,0,59,59,185,183,328,328,319,308,408,328,726,714,671,648,960,916,840,817,5595,685,680,651,627,600,574,552,508,0]} 1. e4 e5 2. Nf3 Nc6 3. Bb5 a6 4. Bxc6 dxc6 5. O-O Bg4 6. h3 h5 7. d3 Qf6 8. Nbd2 Ne7 9. Re1 Ng6 10. d4 Bd6 11. c3 (11. a4 $11) 11... O-O-O {C68: Ruy Lopez: Exchange Variation, sidelines} ({Better is} 11... Nf4 $1 $15) 12. Qc2 $146 (12. hxg4 $14 {stays ahead.} hxg4 13. Nh2 Rxh2 14. Qxg4+ (14. Kxh2 $2 Qh4+ 15. Kg1 Rh8 $19) 14... Kb8 15. Nf3 (15. Kxh2 $2 Qxf2 {[%mdl 64] Double Attack} 16. Nf3 Rh8+ 17. Qh3 Rxh3+ 18. Kxh3 Nh4 $19)) ({Predecessor:} 12. Qe2 exd4 13. e5 Bxe5 14. hxg4 hxg4 15. Nxe5 Nxe5 16. Qxe5 Qh4 17. Kf1 d3 18. f3 g3 19. Qf5+ Kb8 20. Qc5 Rd4 21. Qxd4 Qxd4 22. Re8+ Ka7 {0-1 (22) Haznedaroglu,K (2483)-Isaev,J (2382) Khanty-Mansiysk 2010}) 12... Kb8 13. dxe5 Bxe5 {Black is better.} 14. Nxe5 (14. hxg4 hxg4 15. Qd1 (15. Nxe5 Qh4 16. f4 Nxe5 17. Kf1 Qh1+ 18. Kf2 g3+ 19. Ke2 Qxg2+ 20. Kd1 Qf3+ {[%mdl 64] Double Attack} 21. Re2 Rh1#) 15... Nf4 $19) 14... Nxe5 15. Re3 Be6 16. Nf3 g5 17. Nxe5 Qxe5 18. Bd2 g4 {White must now prevent ...Qd6.} 19. h4 Rd7 20. Rae1 (20. Be1 $15) 20... Rhd8 (20... Bxa2 $17 21. Rd3 Bb3 $1 {[%mdl 512]}) 21. Bc1 $1 $15 Qf6 ({Not} 21... Bxa2 22. b3 $16) 22. g3 Qe5 23. b3 Qa5 24. c4 Rd3 25. Kf1 Rxe3 26. Bxe3 Qe5 27. Qc1 Kc8 28. Bg5 f6 29. Bf4 Qd4 30. Qe3 (30. Qa3 {keeps more tension.} c5 31. Qa5 Rd7 32. Kg2 Bf7 33. e5) 30... Qxe3 31. Bxe3 $11 {[%mdl 4096] Endgame KRB-KRB} a5 {[%cal Ba6a5,Ba5a4][%mdl 32]} 32. Ke2 a4 33. Bc5 Rd7 34. Ke3 Kd8 35. Rc1 axb3 36. axb3 Ke8 37. Ra1 b5 (37... Kf7 $11) 38. Bd4 Kf7 $1 39. cxb5 cxb5 40. b4 c6 41. Ra8 Re7 42. Bc5 Re8 43. Ra7+ Kg6 44. Be7 Bb3 (44... Bf5 $11) 45. Rc7 $1 $14 Bc2 {[#]} (45... Be6 $14) 46. e5 $1 $18 ({Don't do} 46. Rxc6 $6 Bb1 $16) 46... fxe5 (46... Bb3 {is a better defense.} 47. Bxf6 Bd5 48. Rg7+ Kh6) 47. Rxc6+ {[%mdl 64] Double Attack} Kf7 48. Rxc2 Kxe7 {KR-KR} 49. Ke4 Kf6 $2 (49... Rf8 50. Rc5 (50. Kxe5 Rf3 $16) 50... Rxf2 51. Rxe5+ {[%mdl 64] Double Attack} Kf6 52. Rxh5 Rf3 53. Rxb5 Rxg3) 50. Rc5 {White is clearly winning.} Ra8 51. Rxe5 Kg6 52. Rxb5 Ra2 53. Rg5+ Kh6 54. Rf5 (54. Kd5 $142 Rb2 55. Kc5 Rc2+ 56. Kd6 Rd2+ 57. Rd5) 54... Ra4 55. Rb5 Ra2 56. Rb6+ Kg7 57. Ke3 Ra3+ 58. Ke4 $2 {[%mdl 32768] Accuracy: White = 56%, Black = 31%. . Sensor Board Error (Ke4/e5)?} (58. Kf4 $18) 1-0

[Event "Polonia Wroclaw Masters Cup-GM"]
[Site "Wroclaw"]
[Date "2019.04.30"]
[Round "3.5"]
[White "Swayams, Mishra"]
[Black "Przybylski, Wojciech"]
[Result "1-0"]
[WhiteElo "2478"]
[BlackElo "2320"]
[Annotator "TA"]
[PlyCount "47"]
[EventDate "2019.04.28"]
[EventType "tourn"]
[EventCountry "POL"]
[SourceTitle "playchess.com"]
[Source "ChessBase"]
[SourceQuality "1"]

{[%evp 9,53,31,24,29,41,31,32,34,43,12,31,20,38,36,45,43,41,8,81,19,19,22,37,44,23,32,66,8,58,52,485,469,472,466,1477,1405,2278,2112,29982,1212,1196,1181,29993,29994,29994,29995]} 1. e4 e5 2. Nf3 Nf6 3. Nxe5 d6 4. Nf3 Nxe4 5. c4 c6 (5... Nc6 6. d4 d5 7. c5 Be7 8. Bb5 O-O 9. O-O Bg4 10. Bxc6 bxc6 11. h3 Bh5 12. g4 Bg6 13. Ne5 Bf6 14. Nxc6 {0-1 (38) Karjakin,S (2782)-Caruana,F (2816) Leuven 2018}) 6. Nc3 {C42: Petroff Defence: 3 Nxe5 and unusual White 3rd moves} Nxc3 7. dxc3 Be7 8. Bf4 {White is slightly better.} O-O 9. Qd2 Bf5 $146 ({Predecessor:} 9... Na6 10. Be2 Re8 11. O-O Nc5 12. Rad1 Bf5 13. Rfe1 {1-0 (34) Fette,M (2348)-Meijers,V (2483) Leutersdorf 2001}) 10. h4 Na6 11. Nd4 Bc8 12. O-O-O Nc5 13. Qc2 Ne6 (13... Re8 $11) 14. Bg3 (14. Nxe6 $16 Bxe6 15. Bd3) 14... Nxd4 $11 15. Rxd4 Qa5 16. Bd3 $36 {[%mdl 2048] White fights for an advantage.} Qxa2 17. Re1 Be6 18. Bxh7+ Kh8 19. Bd3 ({Of course not} 19. Bxd6 Bxd6 20. Rxd6 Rfe8 $11) 19... c5 $2 {[%mdl 8192] [#]} ({Better is} 19... Qa1+ $1 $14 20. Qb1 Qxb1+ 21. Bxb1 Rfe8) 20. Qe2 $3 $18 {[%mdl 512] Intending Qh5+ and mate.} g6 ({Not} 20... Qa1+ 21. Kc2 $1 $18 {[%mdl 512]}) 21. Re4 Kg7 (21... Qa1+ $142 22. Kc2 Qa4+ 23. Kb1 Qd7) 22. Rxe6 fxe6 23. Qxe6 {[%mdl 64] Double Attack} Bf6 {[#]} 24. Qg4 {Played: Qe6-e4} 1-0

[Event "Polonia Wroclaw Masters Cup-GM"]
[Site "Wroclaw"]
[Date "2019.05.01"]
[Round "4.1"]
[White "Cukrowski, Filip"]
[Black "Przybylski, Wojciech"]
[Result "1-0"]
[WhiteElo "2421"]
[BlackElo "2320"]
[Annotator "NA"]
[PlyCount "123"]
[EventDate "2019.04.28"]
[EventType "tourn"]
[EventCountry "POL"]
[SourceTitle "playchess.com"]
[Source "ChessBase"]
[SourceQuality "1"]
[TimeControl "40/5400+30:900+30"]

{[%evp 8,121,21,-13,32767,32767,32767,32767,32767,32767,40,32,81,89,104,43,34,43,42,32767,32767,32767,32767,32767,95,32767,32767,32767,32767,32767,32767,32767,82,32767,32767,32767,32767,32767,32767,32767,32767,32767,-26,-8,-11,-90,32767,0,43,0,0,0,0,0,32767,0,25,14,38,32767,10,12,141,164,151,118,88,112,113,129,129,77,116,70,80,79,66,69,64,64,66,32767,93,32767,72,32767,32767,32767,32767,32767,32767,32767,32767,32767,32767,32767,32767,32767,32767,32767,32767,32767,32767,84,79,79,86,30,29,27,32767,27,67,15,86,43]} 1. e4 {[%emt 0:00:00]} c5 {[%emt 0:00:00]} 2. Nf3 {[%emt 0:00:00]} e6 {[%emt 0:00:00]} 3. Nc3 {[%emt 0:08:52]} Nc6 {[%emt 0:00:00]} 4. Bb5 {[%emt 0:05:44]} Nge7 {[%emt 0:07:24]} 5. O-O {[%emt 0:04:52]} Nd4 {[%emt 0:06:23]} 6. Nxd4 {[%emt 0:02:01]} cxd4 {[%emt 0:00:11]} 7. Ne2 {[%emt 0:00:05]} Nc6 {[%emt 0:02:34] B30: Sicilian: 2...Nc6 3 Bb5, lines without ...g6} (7... a6 8. Bd3 Nc6 9. c3 dxc3 10. bxc3 Be7 11. Bc2 d6 12. d4 O-O 13. Ng3 e5 14. Kh1 b5 15. a4 Bd7 16. f4 Rc8 17. dxe5 dxe5 18. axb5 axb5 19. f5 b4 20. Nh5 f6 21. Bh6 Be8 22. Bb3+ Bf7 23. Qg4 {1-0 (23) Guseinov,G (2664)-Miton,K (2588) St Petersburg 2018}) 8. d3 {[%emt 0:00:08]} Qb6 {[%emt 0:11:32]} 9. Ba4 {[%emt 0:00:37]} d6 {[%emt 0:14:48]} 10. c3 {[%emt 0:01:08]} dxc3 {[%emt 0:01:04]} 11. bxc3 {[%emt 0:00:06]} Be7 {[%emt 0:00:55]} 12. Be3 {[%emt 0:00:18]} Qc7 {[%emt 0:00:16]} 13. f4 {[%emt 0:01:04]} O-O $146 {[%emt 0:06:12]} ({Predecessor:} 13... Bd7 14. Rb1 O-O 15. f5 exf5 16. exf5 Bf6 17. Qd2 Ne5 18. Bxd7 Nxd7 {½-½ (18) Perdek,M (2232)-Simanjuntak,S (2260) Thessaloniki 2009}) 14. f5 {[%emt 0:12:49]} Ne5 {[%emt 0:23:13]} 15. h3 {[%emt 0:05:11]} d5 {[%emt 0:09:48]} (15... exf5 $11 16. exf5 b6) 16. Bf4 {[%emt 0:06:03]} Qb6+ {[%emt 0:00:08]} 17. Kh1 {[%emt 0:00:18]} f6 {[%emt 0:00:30]} 18. exd5 {[%emt 0:05:11]} exd5 {[%emt 0:01:09]} 19. Rb1 {[%emt 0:00:57]} Qa6 {[%emt 0:02:12]} 20. d4 {[%emt 0:02:53]} Bxf5 {[%emt 0:02:51]} 21. Bb5 {[%emt 0:25:40]} Qe6 {[%emt 0:00:06]} 22. dxe5 {[%emt 0:00:41]} fxe5 {[%emt 0:00:41]} 23. Rb2 {[%emt 0:00:33]} Bxh3 {[%emt 0:06:26]} 24. Bh2 {[%emt 0:02:40]} Bg4 {[%emt 0:00:38]} 25. Rxf8+ {[%emt 0:02:10]} Rxf8 {[%emt 0:00:05]} 26. Ba4 {[%emt 0:02:10]} (26. c4 $11 {keeps the balance.}) 26... Kh8 {[%emt 0:02:44]} 27. Qe1 {[%emt 0:00:53]} Qa6 {[%emt 0:00:47]} 28. Bb5 {[%emt 0:01:13]} Qh6 {[%emt 0:00:41]} 29. Ng1 {[%emt 0:00:15]} e4 {[%emt 0:00:31]} 30. Qg3 {[%emt 0:02:01]} Be6 {[%emt 0:00:35]} 31. Be2 {[%emt 0:03:32]} Bc5 {[%emt 0:00:29]} 32. Rb1 {[%emt 0:00:31]} b6 {[%emt 0:00:34]} 33. Nh3 {[%emt 0:01:04]} Qd2 {[%emt 0:00:25] Double Attack} 34. Qe1 {[%emt 0:01:22]} Qxa2 {[%emt 0:00:29] [#]} (34... Qh6 $11 {keeps the balance.}) 35. Ra1 $1 {[%emt 0:00:15]} Qc2 {[%emt 0:00:31]} 36. Nf4 {[%emt 0:01:12]} ({White should play} 36. Be5 $18 Bxh3 37. Rxa7 Bxg2+ 38. Kxg2) 36... Bf7 {[%emt 0:00:35]} 37. Rxa7 {[%emt 0:00:20]} d4 {[%emt 0:00:22]} 38. cxd4 {[%emt 0:00:08]} Bxd4 {[%emt 0:00:11]} 39. Rc7 {[%emt 0:01:25]} Qb2 {[%emt 0:00:43]} (39... Qxc7 $2 {[#] too greedy.} 40. Ng6+ $1 {[%mdl 576] Discovered Attack} Bxg6 41. Bxc7 $18) 40. Qc1 {[%emt 0:00:00]} Qxc1+ {[%emt 0:00:00]} 41. Rxc1 {[%emt 0:01:25]} Ra8 {[%emt 0:12:07]} 42. Bb5 {[%emt 0:00:46]} e3 {[%emt 0:01:39]} 43. Ne2 {[%emt 0:00:40]} Bc5 {[%emt 0:00:59]} 44. Be5 {[%emt 0:00:53]} Rd8 {[%emt 0:00:27]} 45. Ra1 {[%emt 0:01:11]} Kg8 {[%emt 0:00:49]} 46. Bc3 {[%emt 0:01:07]} h6 {[%emt 0:01:07]} 47. Kg1 {[%emt 0:01:45]} Bb3 {[%emt 0:00:57]} 48. Kf1 {[%emt 0:06:42]} Rf8+ {[%emt 0:00:41]} 49. Ke1 {[%emt 0:00:45]} Bd5 {[%emt 0:01:27]} 50. Ra7 {[%emt 0:00:12]} Rf7 {[%emt 0:00:06]} 51. Rxf7 {[%emt 0:00:07]} Kxf7 {[%emt 0:00:01]} 52. Nf4 {[%emt 0:00:17]} Bb3 {[%emt 0:01:19]} 53. Ke2 {[%emt 0:01:04]} g5 {[%emt 0:00:15]} 54. Nd3 {[%emt 0:00:11]} Bd6 {[%emt 0:00:51]} 55. Kxe3 {[%emt 0:00:30]} h5 {[%emt 0:00:28]} 56. Ne5+ {[%emt 0:03:07]} Ke7 {[%emt 0:00:28]} 57. Bc6 {[%emt 0:01:13]} ({White should play} 57. Ke4 $16) 57... Be6 {[%emt 0:00:29]} 58. Bd4 {[%emt 0:01:45]} Bc7 {[%emt 0:00:20]} 59. Bf3 {[%emt 0:00:29]} g4 {[%emt 0:00:41] [#]} 60. Be4 {[%emt 0:00:49]} (60. Ng6+ $1 $16 Kf7 61. Be4) 60... b5 $16 {[%emt 0:00:19]} (60... Bxe5 $1 $11 61. Bxe5 h4) 61. g3 {[%emt 0:00:55]} Ba5 {[%emt 0:00:45]} 62. Nc6+ {[%emt 0:00:15]} 1-0

[Event "Polonia Wroclaw Masters Cup-GM"]
[Site "Wroclaw"]
[Date "2019.05.01"]
[Round "4.2"]
[White "Skawinski, Arkadiusz"]
[Black "Swayams, Mishra"]
[Result "1/2-1/2"]
[WhiteElo "2392"]
[BlackElo "2478"]
[Annotator "TA"]
[PlyCount "69"]
[EventDate "2019.04.28"]
[EventType "tourn"]
[EventCountry "POL"]
[SourceTitle "playchess.com"]
[Source "ChessBase"]
[SourceQuality "1"]

{[%evp 9,69,15,23,9,47,31,33,37,73,75,95,81,86,79,113,114,130,118,119,102,156,166,172,97,87,67,61,47,103,98,110,63,67,50,56,48,41,50,41,38,49,37,36,33,53,0,0,0,0,0,0,0,6,6,47,0,0,0,0,0,0,0]} 1. e4 e6 2. d4 d5 3. exd5 exd5 4. Nf3 Nc6 5. Nc3 Bg4 (5... Bb4 6. Bd3 Nge7 7. O-O Bg4 8. h3 Bh5 9. a3 Bd6 10. Re1 Bxf3 11. Qxf3 Nxd4 12. Qxd5 c6 13. Qh5 Qd7 14. Ne4 Ne6 15. Bh6 Qc7 16. Bc4 Bh2+ 17. Kh1 Qe5 18. Ng5 {1-0 (18) Rapport,R (2686)-Bluebaum,M (2643) Germany 2018}) 6. Bb5 {C01: French: Exchange Variation} a6 7. Bxc6+ bxc6 8. h3 $146 {White is slightly better.} ({Predecessor:} 8. Qe2+ Qe7 9. Qxe7+ Bxe7 10. Ne5 Bd7 11. Nxd7 Kxd7 12. Ne2 Nf6 13. Bg5 {1-0 (49) March Mari,J (1727)-Garcia Ramos,A (1792) Barcelona 2014}) 8... Bh5 9. g4 Bg6 10. Qe2+ $1 Qe7 {[#]} 11. Be3 $1 f6 12. O-O-O Kd8 13. Nd2 a5 14. Nb3 Qb4 (14... f5 $142) 15. a3 $16 Qc4 {[#]} 16. Qxc4 (16. Qd2 $1 $18) 16... dxc4 17. Nd2 Bf7 18. d5 Ne7 (18... cxd5 $14 19. Nxc4 Kd7) 19. dxc6 Kc8 20. Bc5 (20. Rhe1 {feels hotter.} Nxc6 21. Bf4 h5 22. Nde4 Rb8 23. Bg3) 20... Nxc6 21. Bxf8 Rxf8 22. Rhe1 Kb7 23. Nde4 {Nc5+ is the strong threat.} Rad8 24. Nc5+ Kc8 25. Rxd8+ Rxd8 26. f4 Rd4 27. Ne6 ({Better is} 27. f5 $14) 27... Bxe6 $1 $11 28. Rxe6 {[%mdl 4096] Endgame KRN-KRN} Kd7 29. Re4 Rxe4 30. Nxe4 {KN-KN} Nd4 31. Kd2 Kc6 32. Nc3 Kc5 {The position is equal.} 33. Ne4+ Kd5 34. Nc3+ Kc5 35. Ne4+ {Accuracy: White = 71%, Black = 58%.} 1/2-1/2

[Event "Polonia Wroclaw Masters Cup-GM"]
[Site "Wroclaw"]
[Date "2019.05.01"]
[Round "4.3"]
[White "Sivuk, Vitaliy"]
[Black "Kantans, Toms"]
[Result "1-0"]
[WhiteElo "2523"]
[BlackElo "2513"]
[Annotator "TA"]
[PlyCount "57"]
[EventDate "2019.04.28"]
[EventType "tourn"]
[EventCountry "POL"]
[SourceTitle "playchess.com"]
[Source "ChessBase"]
[SourceQuality "1"]

{[%evp 18,57,10,-15,0,-21,20,25,16,18,20,0,0,0,0,0,0,0,0,-4,121,14,77,72,79,77,75,81,93,58,154,160,142,134,354,341,310,306,762,666,1622,1270]} 1. Nf3 c5 2. e3 Nc6 3. d4 e6 4. c4 d5 5. Nc3 Nf6 6. a3 dxc4 7. Bxc4 a6 8. O-O b5 9. Ba2 Bb7 10. d5 exd5 {D40: Queen's Gambit Declined: Semi-Tarrasch with 5 e3} 11. Nxd5 Be7 (11... Nxd5 12. Bxd5 Be7 13. e4 Qc7 14. Ng5 O-O 15. Qh5 Bxg5 16. Qxg5 Nd4 17. Be3 Bxd5 18. exd5 {½-½ (33) Wang,Y (2684)-Brown,M (2524) chess.com INT 2019}) 12. e4 O-O {White has an edge.} 13. Bf4 {[#]} Rc8 $146 ({Predecessor:} 13... c4 14. b3 Nxd5 15. exd5 Na5 16. b4 Nb3 17. Bxb3 cxb3 18. d6 {½-½ (57) Rakhmangulov,A (2400)-Bogdanovich,S (2520) Yuzhny 2011}) 14. Qe2 Nxd5 15. Bxd5 Qb6 16. Rad1 Rfe8 17. Rfe1 c4 18. h4 Nd8 (18... h6 $11 {keeps the balance.}) 19. h5 (19. Ne5 $1 $16) 19... Ne6 (19... Bc5 $11) 20. Bxe6 $1 $16 Qxe6 21. Nd4 $1 $36 {[%cal Rd4e6][%mdl 2048] Black is under strong pressure.} Qf6 22. Qg4 g6 23. Nf5 Bf8 ({Wrong is} 23... Qxb2 $2 24. Rd7 $18) ({Better is} 23... Rcd8 $1 $14) 24. Nd6 $1 {[%cal Rd6b7]} Bxd6 25. Rxd6 Qxb2 $2 (25... Re6 $16 {was necessary.} 26. e5 Qf5 27. Qxf5 gxf5) 26. hxg6 $18 fxg6 (26... hxg6 27. e5 $18) 27. e5 $1 {Threatens to win with Rxg6+!} Be4 $2 ({Not} 27... Qxa3 {[#]} 28. Rxg6+ $1 {[%mdl 512]} Kh8 29. e6 Qc5 30. Be5+ Qxe5 31. Rxe5 Rcd8 32. Rh5 $1 {[%mdl 512]}) (27... Qc2 28. Qd7 Qf5) 28. Qd7 Rf8 29. Rd2 {Accuracy: White = 78%, Black = 35%.} 1-0

[Event "Polonia Wroclaw Masters Cup-GM"]
[Site "Wroclaw"]
[Date "2019.05.01"]
[Round "4.4"]
[White "Tazbir, Marcin"]
[Black "Pranav Anand"]
[Result "1-0"]
[WhiteElo "2540"]
[BlackElo "2359"]
[Annotator "TA"]
[PlyCount "81"]
[EventDate "2019.04.28"]
[EventType "tourn"]
[EventCountry "POL"]
[SourceTitle "playchess.com"]
[Source "ChessBase"]
[SourceQuality "1"]

{[%evp 26,81,6,0,0,7,4,0,0,0,4,9,13,5,10,0,0,0,4,0,0,0,14,15,41,43,56,50,65,47,45,49,57,45,56,24,116,125,205,212,333,314,350,336,330,331,784,779,747,750,579,485,666,689,29984,29985,29992,29993]} 1. e4 e5 2. Nf3 Nc6 3. Bb5 a6 4. Ba4 Nf6 5. O-O Be7 6. Re1 b5 7. Bb3 d6 8. c3 O-O 9. d4 Bg4 10. Be3 exd4 11. cxd4 d5 12. e5 Ne4 13. h3 Bh5 14. Nc3 Nxc3 {C91: Closed Ruy Lopez: 7...d6 8 c3 0-0 9 d4} 15. bxc3 Na5 (15... Qd7 16. Bc2 Nd8 17. Qb1 Bg6 18. Bxg6 fxg6 19. Nd2 Ne6 20. a4 bxa4 21. Qa2 a3 22. c4 {½-½ (60) Wang,H (2709)-Ding,L (2777) Riadh 2017}) 16. Bc2 Nc4 {The position is equal.} 17. Bf4 Rb8 18. Bf5 Bg6 19. Qd3 Rb6 20. g4 a5 $146 ({Predecessor:} 20... Qd7 21. Nd2 Bxf5 22. gxf5 {½-½ (61) Fernandez Vicente,C (2483)-Prochazka,D (2249) ICCF email 2012}) 21. Re2 b4 22. Kg2 bxc3 23. Qxc3 Bxf5 24. gxf5 f6 25. e6 Bb4 26. Qd3 Qe7 27. Rc1 c6 28. Nh2 Bd6 29. Bxd6 Nxd6 30. Ng4 Rfb8 {[#]} (30... Nc8 $11 {keeps the balance.}) 31. Rec2 $1 $16 {[%cal Rc2c6]} Nc4 (31... h5 $16 {might work better.}) 32. Ne3 $18 Nb2 (32... Nxe3+ $142 33. Qxe3 Qb7) 33. Qe2 Qe8 34. Rc5 a4 35. R1c3 Rb4 $2 (35... Ra8 36. a3 Rd8) 36. Rxc6 Rxd4 37. Qa6 {And now Rc8 would win.} Nc4 38. Nxc4 dxc4 39. Rc7 Qf8 {[#]} 40. Rg3 $1 {[%mdl 512]} Rb2 41. Rcxg7+ {Accuracy: White = 71%, Black = 47%.} 1-0